02818cam a22003135a 4500999001700000001000900017005001700026008004100043010001700084020002800101020001800129040003300147082001900180100003200199245007800231260004200309300003600351504005100387505069400438520086501132650003001997651001002027653002202037655001702059942000802076952013502084952015002219952013502369 c27393d273641364223320190418130801.0040701s2005 maua frb 001 0 eng d a 2004054801 a020537204X (alk. paper) a9780205372041 aDLCbengcDLCdDLCdEG-ScBUE04a070.4bSTO2221 aStovall, James Glen.93779510aJournalism :bwho, what, when, where, why, and how /cJames Glen Stovall. aBoston :bPearson Education,cc.2005. axxiii, 504 p. :bill. ;c24 cm. aIncludes bibliographical references and index.0 aSection one : What. News and society ; The culture of journalism ; Becoming a journalist -- Section two : Where. Newspapers ; Magazines ; Television and radio ; News web sites -- Section three : Who and how. Reporters ; Reporting ; Writing news and features ; Style ; Editiors ; Editing and headline writing ; Visual journalists ; Graphics journalism ; Photojournalism ; Publication and web site designs ; Broadcast journalists ; Writing for broadcast -- Section four : When. Beginning of journalism ; Journalism comes of age ; New realities, new journalism ; Twentieth century and beyond -- Section five : Why. Law and the journalist ; Ethical practices ; Journalism : present and future. aThis introductory text offers an inside look at the world of journalism--its practices, culture and fundamentals--and gives practical advice for student journalists. Journalism: Who, What, When, Where, Why and How is a comprehensive introduction to the field, covering how news is produced and delivered, how news organizations work, and how audiences react to and interact with the news media. For students preparing for a career in journalism, the text describes the range of job possibilities in the field and offers practical, basic instruction in the fundamental practices of journalism: reporting, writing, editing, and presentation. Journalism helps students understand this exciting and important field and become more critical consumers of mass media. It also provides an overview of the rich history of journalism in America. --Publisher description. 7aJournalism.2BUEsh937800 2BUEsh bCOMAMEcApril2019 vReading book 2ddc 00102ddc40708BaccahaMAINbMAINcLOWd2019-04-18ePurchaseg2250.00l0o070.4 STOp000044594r2025-07-15 00:00:00v2812.50yNB 00102ddc40708BaccahaMAINbMAINcLOWd2019-04-18ePurchaseg2250.00l2m4o070.4 STOp000044595r2025-07-15 00:00:00s2022-10-22v2812.50yBB 00102ddc40708BaccahaMAINbMAINcLOWd2019-04-18ePurchaseg2250.00l0o070.4 STOp000044596r2025-07-15 00:00:00v2812.50yBB